| 000 | 00429nam a2200157 4500 | ||
|---|---|---|---|
| 020 | _a9789361009655 | ||
| 082 |
_aM 494.812 07 _bDIV/B |
||
| 100 | _aDivakaran R V M | ||
| 245 |
_aBhashayude janadhipathyam/ _cby Divakaran R V M |
||
| 260 |
_aThiruvananthapuram: _bKerala bhasha institute, _c2024. |
||
| 300 | _a186p. | ||
| 650 | _aLanguage Malayalam Study | ||
| 650 | _aLanguage Malayalam | ||
| 650 | _aLanguage | ||
| 942 | _cBK | ||
| 999 |
_c181962 _d181962 |
||